000 01176nam a2200313 c 4500
003 BLK
005 20210807132604.0
008 180413b bul|||||r ||||||| ||bul||
010 _aKNG00027413000
020 _a954-707-028-2
_bиздат.: Колхида
040 _aBLK
041 _aBUL
_cBUL
080 _aЕтеричномаслени растения. Ароматни, оцветителни, дъбилни, лекарствени растения
_b633.8
_x(035)
_z633.8(035)
700 1 _aДенев, Денио
_eсъстав.
_9267891
139 _aОтглеждане на билки
_bО 89
245 1 0 _aОтглеждане на билки
_cсъстав. Денио Денев.
257 _aBGR
260 София
_bКолхида
_c1999
300 _a312 с.
_bс ил.
_c21 см
380 _a63
650 4 _aМедицински растения - агротехника - наръчници и ръководства
_9242459
653 _aотглеждане
653 _aбилки
852 _aЦб 200380
856 4 _qpdf
_u
856 4 _qpdf
_u
942 _cKNG
_n0
_01
944 _aCR
_c15.01.2003
_kAB_DOS
944 _aED
_c05.01.2017
_kЛили_Борисова
999 _c24885
_d24885